Online
Catalog

The calendar for everybody, / (Record no. 17491)

MARC details
000 -CABECERA
campo de control de longitud fija 00632cam a22002051 4500
001 - NÚMERO DE CONTROL
campo de control 000017967
005 - FECHA Y HORA DE LA ÚLTIMA TRANSACCIÓN
campo de control 20200929165310.0
008 - DATOS DE LONGITUD FIJA--INFORMACIÓN GENERAL
campo de control de longitud fija 750627s1943 xx 000 0 eng
040 ## - FUENTE DE LA CATALOGACIÓN
Centro catalogador/agencia de origen DO-SdBNP
Centro/agencia transcriptor GAT
Centro/agencia modificador OCoLC
-- DLC
-- BNPHU
082 ## - NÚMERO DE LA CLASIFICACIÓN DECIMAL DEWEY
Número de clasificación 529.5
Número de documento/Ítem A177c
049 ## - FONDOS LOCALES (OCLC)
Fondos de biblioteca BNGR
100 1# - ENTRADA PRINCIPAL--NOMBRE DE PERSONA
Nombre de persona Achelis, Elisabeth,
Fechas asociadas al nombre 1880-1973.
9 (RLIN) 38958
245 14 - MENCIÓN DE TÍTULO
Título The calendar for everybody, /
Mención de responsabilidad, etc. Elisabeth Achelis.
260 ## - PUBLICACIÓN, DISTRIBUCIÓN, ETC.
Lugar de publicación, distribución, etc. New York :
Nombre del editor, distribuidor, etc. G. P. Putnam's sons,
Fecha de publicación, distribución, etc. 1943.
300 ## - DESCRIPCIÓN FÍSICA
Extensión x, 141 p. ;
Dimensiones 21 cm.
500 ## - NOTA GENERAL
Nota general Incluye cronología.
500 ## - NOTA GENERAL
Nota general Incluye índice alfabético.
650 #4 - PUNTO DE ACCESO ADICIONAL DE MATERIA--TÉRMINO DE MATERIA
Término de materia o nombre geográfico como elemento de entrada Calendario
9 (RLIN) 38959
910 ## - DATOS DE OPCIÓN DEL USUARIO (OCLC)
Datos de opción del usuario Catalogación por copia / LC
Holdings
Estado de retiro Estado de pérdida Restricciones de uso No para préstamo Código de colección Localización permanente Ubicación/localización actual Ubicación en estantería Fecha de adquisición Número de inventario Total de préstamos Signatura topográfica completa Código de barras Fecha visto por última vez Precio válido a partir de Tipo de ítem Koha
      Excluido de préstamo Monografías: Libros y Folletos General General En catalogación 07.04.2010 LF1   529.5 A177c 17967-10 25.06.2020 25.06.2020 No se presta

Powered by Koha